006260000a22001810004500003001100000005001700011008004100028040003900069041000800108082001800116100001700134245006700151260004100218300008900259490003600348650003800384650002200422LK-CoMWRAF20231109102744.0230817t1982 ||||| |||| 00| 0 eng d aLK-CoMWRAFdLK-CoMWRAFeLK-CoMWRAF aeng a954.9302bRUS aRussel, Jane aCommunal Politics under the Donoughmore Constitution 1931-1947 aDehiwela:bTisara prakasakayo,c1982 axx, 358 p., [4] leaves of plates : ports. ; 22 cm.bBibliography and index included. aCeylon historical journal vV26 aPOLITICS AND GOVERNMENT-SRI LANKA aHistory-Sri Lanka